PRS hits home (Record no. 84824)

MARC details
000 -LEADER
fixed length control field 00660cam a22001935a 4500
001 - CONTROL NUMBER
control field L159183
008 - FIXED-LENGTH DATA ELEMENTS--GENERAL INFORMATION
fixed length control field 160223s2016 xxk f 000 0 eng d
035 ## - SYSTEM CONTROL NUMBER
System control number (Sirsi) u159183
041 ## - LANGUAGE CODE
Language code of text/sound track or separate title eng
100 ## - MAIN ENTRY--PERSONAL NAME
Personal name Mann, Will
245 ## - TITLE STATEMENT
Title PRS hits home
260 ## - PUBLICATION, DISTRIBUTION, ETC.
Date of publication, distribution, etc. 2016
490 #0 - SERIES STATEMENT
Series statement Construction News
Volume/sequential designation 7435, 04 March 2016, 22-26(5)
520 ## - SUMMARY, ETC.
Summary, etc. Examines the increased interest of major developers and global investors in the private rented sector (PRS) and looks at increase of applications to the government's PRS Guarantee Scheme.
650 ## - SUBJECT ADDED ENTRY--TOPICAL TERM
Topical term or geographic name entry element PRIVATE RENTED SECTOR
690 ## - LOCAL SUBJECT ADDED ENTRY--TOPICAL TERM (OCLC, RLIN)
Topical term or geographic name as entry element Investments
9 (RLIN) 6250
690 ## - LOCAL SUBJECT ADDED ENTRY--TOPICAL TERM (OCLC, RLIN)
Topical term or geographic name as entry element Residential property
9 (RLIN) 6266
942 ## - ADDED ENTRY ELEMENTS (KOHA)
Suppress in OPAC 0
Holdings
Withdrawn status Lost status Source of classification or shelving scheme Damaged status Not for loan Home library Current library Shelving location Date acquired Total Checkouts Full call number Barcode Date last seen Copy number Price effective from Koha item type
    Dewey Decimal Classification     London London Journal article 11/03/2016   L159183 159183-1001 06/08/2019 1 06/08/2019 Journal article